000 00830nam a2200205Ia 4500
003 GCL
008 140319s9999 xx 000 0 ara d
020 _a2386249960
040 _aGCL /
_cGCL
082 0 4 _a953.105
_bف م
100 1 _aفهد بن عبدالله السمارى
245 1 0 _aموسوعة تاريخ الملك عبدالعزيز الدبلوماسى /
_cفهد بن عبدالله السمارى
700 1 _aناصر بن محمد الجهيمى
260 _aالرياض :
_bمكتبة الملك عبدالعزيز العامة
300 _a782 ص ؛
_c24 سم
650 0 4 _aالسعودية - تاريخ
650 0 4 _aعبدالعزيز آل سعود
650 0 4 _aالسعودية - تاريخ - العصر الحديث - عبدالعزيز بن عبدالرحمن ال سعود
942 _2ddc
_cBK
999 _c6906
_d6906